|
|
|
|
| LEADER |
00000nab a2200000 a 4500 |
| 001 |
vtls000574138 |
| 003 |
SK-MaSNL |
| 005 |
20260303013052.0 |
| 008 |
160202c1996 xo 0 slo |
| 015 |
|
|
|a SNBRB19rr/mm-uuuuu
|
| 035 |
|
|
|a CL0574276
|
| 040 |
|
|
|a SNKBUCL
|b slo
|c SNKBUCL
|e AACR2
|
| 041 |
0 |
|
|a slo
|
| 044 |
|
|
|a xo
|c SK
|
| 080 |
|
|
|a 338.246(437.6)
|2 1981
|
| 100 |
1 |
|
|a Mikloš, Ivan,
|d 1960-
|4 aut
|9 104607
|
| 245 |
1 |
0 |
|a Rovnosť šancí a dôveryhodnosť privatizácie
|c Ivan Mikloš
|
| 650 |
0 |
7 |
|a privatizácia
|2 snkbucl
|9 2343
|
| 655 |
|
7 |
|a články z novín a časopisov
|2 snkbucl
|9 267496
|
| 773 |
0 |
|
|t Sme
|g Roč. 4 a 49, č. 30 (6. 2. 1996), s. 4
|
| 850 |
|
|
|a Slovenská národná knižnica v Martine
|a MTA001
|
| 852 |
|
|
|a SNK
|b KIS3GCP
|
| 958 |
|
|
|a RK
|
| 958 |
|
|
|a SK
|
| 992 |
|
|
|a RBX
|
| 999 |
|
|
|c 1600547
|d 1602477
|